[Event "FIDE-Wch k.o. g/25+10"]
[Site "Las Vegas"]
[Date "1999.08.11"]
[Round "4.3"]
[White "Kramnik, Vladimir"]
[Black "Topalov, Veselin"]
[Result "1-0"]
[WhiteElo "2760"]
[BlackElo "2690"]
[Annotator "Huzman,A"]
[PlyCount "119"]
[EventDate "1999.07.31"]
[EventType "k.o. (rapid)"]
[EventRounds "6"]
[EventCountry "USA"]
[SourceTitle "CBM 072"]
[Source "ChessBase"]
[SourceDate "1999.10.01"]
[SourceVersion "1"]
[SourceVersionDate "1999.10.01"]
[SourceQuality "1"]

1. d4 {Hansen,Cu} d5 2. Nf3 e6 3. c4 dxc4 4. e3 Nf6 5. Bxc4 c5 6. O-O Nc6 7.
Qe2 a6 8. a3 cxd4 (8... b5 9. Ba2 Bb7 10. dxc5 Bxc5 11. b4 Bb6 (11... Be7 12.
Bb2 O-O 13. Nbd2 Qb6 14. Nb3 Rfd8 15. Rac1 Rac8 16. Nc5 $14 {1-0 Eliskases,
E-Muffang,A/Warsaw 1935/HCL 36 (25)}) 12. Bb2 O-O 13. Rd1 Qe7 14. Nbd2 Rfd8 15.
Rac1 Rd7 16. Bb1 Rad8 17. Nb3 $11 {1-0 Pirc,V-Spielmann,R/Maribor 1934/HCL 32 
(30)}) (8... Be7 9. dxc5 Bxc5 10. b4 Bd6 11. Bb2 O-O 12. Rd1 Qc7 13. Nc3 b6 14.
Rac1 Bb7 15. Bd3 Qe7 16. Ne4 $14 {1-0 Stahlberg,G-Skalicka,C/Podebrady 1936/
EXT 97 (43)}) (8... Qc7 9. Nc3 cxd4 10. exd4 Be7 11. Bg5 Ng4 12. Qd2 h6 13. Bf4
Bd6 14. Bxd6 Qxd6 15. Ne4 Qd8 16. Qf4 $16 {1-0 Ragozin,V-Flohr,S/Moscow 1944/
URS-ch (49)}) 9. Rd1 b5 10. Ba2 d3 (10... Bb7 11. Nc3 b4 12. axb4 Nxb4 13. Rxd4
Qc7 14. Bb3 Be7 15. Ba4+ Kf8 16. Bd2 $16 {1-0 Barus,C-Mahmud,S/Jakarta 1996/
CBM 57 (30)}) 11. Rxd3 Qc7 12. e4 $1 Ng4 (12... Bc5 13. b4 Bb6 14. Be3 $14) (
12... Bd6 13. Rxd6 Qxd6 14. e5 $16) 13. h3 Nge5 14. Nxe5 Qxe5 (14... Nxe5 15.
Rc3 $1 (15. Bf4 Bd6 16. Rc3 Qe7) 15... Qd8 16. Be3 $14 {/+/-}) 15. Be3 $1 Bb7 (
15... Qxe4 16. Nc3 Qg6 (16... Qf5 17. Nd5 (17. Rad1 Be7 18. Bb1 Qf6 19. Ne4 Qh4
20. Nd6+ $44) 17... exd5 18. Bxd5 Ne5 19. Bd4 $1 (19. Rad1 Be7 20. Bxa8 Nxd3
21. Bc6+ Bd7 22. Bxd7+ Qxd7 23. Rxd3 Qe6 $11) 19... Qxd3 20. Qxe5+ Be6 21. Bc6+
Kd8 22. Bxa8 $18) (16... Qe5 17. Rad1 Be7 18. Qf3 Qc7 19. Bf4 Qb6 20. Nd5 $1
exd5 21. Bxd5 Bb7 (21... O-O 22. Bxc6 Ra7 23. Rc1 $18 {[%cal Gf4e3,Ge3a7]}) 22.
Bxf7+ $1 (22. Bc7 Ne5 $8 (22... Qxc7 23. Qxf7+ Kd8 24. Be6+ $18) 23. Bxe5 Bxd5
24. Rxd5 O-O 25. Rd7 $36) 22... Kf8 (22... Kxf7 23. Bc7+ $18) 23. Bd5 $18 Ke8
$140 24. Bc7 $18) 17. Nd5 (17. Rad1 Bb7 18. Nd5) (17. Qf3 Bb7 18. Rad1 Na5 19.
Qg4 Qxg4 20. hxg4 Bc6) 17... exd5 18. Bxd5 Be7 19. Bc5 O-O 20. Bxe7 Re8 21. Re3
$14 {/+/-}) 16. Nc3 {[%cal Gf2f4]} Bc5 17. Rad1 O-O 18. f4 (18. Rd7 $5 Rab8 19.
f4 Bxe3+ 20. Qxe3 $16 {/+-}) 18... Bxe3+ 19. Qxe3 Qb8 20. Rd7 $16 Bc8 21. R7d6
Ne7 22. Kh1 Qc7 23. Qg3 Kh8 24. h4 Ng8 25. Bb1 Bb7 26. Rd7 Qc6 27. e5 Qc8 28.
f5 (28. Qd3 f5 (28... g6 29. Qd6 Qc6 30. Be4 $1 Qxd6 31. R1xd6 Bxe4 32. Nxe4
$16) 29. Qg3 $1 g6 30. h5 $18) 28... exf5 29. Bxf5 Qb8 30. Be4 Bxe4 31. Nxe4
Qe8 (31... Ra7 32. Ng5 Rxd7 33. Rxd7 Qe8 34. Qd3 $16) 32. R1d6 (32. Nc5 Ne7 33.
h5 $16) 32... Ne7 {[%csl Re5][%cal Ye7g6,Yg6e5,Ye8e5]} 33. Nf6 Nf5 $1 (33...
gxf6 34. Rxe7 Qxe7 35. exf6 Rg8 36. Qxg8+ Rxg8 37. fxe7 $18) 34. Qf4 gxf6 35.
Qxf5 Qxe5 36. Qxf6+ Qxf6 37. Rxf6 $14 Kg7 38. Rf5 h6 39. Kh2 Rad8 40. Rfxf7+
Rxf7 41. Rxd8 Re7 $1 (41... Rf2 42. Rd7+ Kg6 (42... Kf8 43. b4 Ra2 44. Rd6 $18)
43. Rd6+ Kf5 44. b3 $16) 42. Rd6 Re3 $1 43. Rxa6 Rb3 44. Rb6 Rxb2 $11 45. a4 b4
46. Kg3 b3 47. Kf4 Ra2 48. Kf5 Rxa4 49. Rb7+ Kg8 50. g4 {Hansen,Cu: 'This
postion should be a simple draw. This easiest way to achieve that result would
be:'} Ra6 {'?!' Hansen,Cu.} (50... h5 $1 {Hansen,Cu} 51. g5 Rxh4 52. Kg6 (52.
Rxb3 Rc4 53. Kg6 Rc8 $11) 52... Rf4 53. Rxb3 Rf8 {this postion is draw even
without P-h5. Black just moves his rook back and forth and the back rank.}) 51.
Rxb3 Kg7 (51... Ra5+ {Hansen,Cu} 52. Kg6 Ra6+ 53. Kh5 Kg7 54. Rb7+ Kg8 $11) 52.
Rb7+ Kg8 53. Re7 $1 Ra5+ 54. Re5 Ra4 55. Re4 Ra7 (55... Ra6 $2 {Hansen,Cu} 56.
Re6 $18) (55... Ra5+ {Hansen,Cu} 56. Kg6 Ra6+ 57. Kh5 Kg7 $11) 56. Kf6 Rg7 {
'?' Hansen,Cu.} (56... Ra6+ {Hansen,Cu} 57. Re6 Ra4 $11) 57. Re8+ Kh7 58. Re7
Rxe7 59. Kxe7 Kg7 60. h5 1-0

[Event "FIDE-Wch k.o. g/25+10"]
[Site "Las Vegas"]
[Date "1999.08.14"]
[Round "5.3"]
[White "Adams, Michael"]
[Black "Kramnik, Vladimir"]
[Result "1/2-1/2"]
[WhiteElo "2708"]
[BlackElo "2760"]
[Annotator "Donev,I"]
[PlyCount "155"]
[EventDate "1999.07.31"]
[EventType "k.o. (rapid)"]
[EventRounds "6"]
[EventCountry "USA"]
[SourceTitle "CBM 072"]
[Source "ChessBase"]
[SourceDate "1999.10.01"]
[SourceVersion "1"]
[SourceVersionDate "1999.10.01"]
[SourceQuality "1"]

1. e4 c5 2. Nc3 Nc6 3. g3 g6 4. Bg2 Bg7 5. d3 {Es ist keineswegs zufällig,
dass diese sizilianische Variante die Bezeichnung "geschlossen", trägt. Weiß
muss sich um Stabilität seiner Zentralbauern bemühen und die Öffnung von
Linien bzw. Diagonalen am Damenflügel und im Zentrum vermeiden,um sich an den
Königsflügel zu halten.} d6 6. Be3 {In den letzten zwei Jahren hat der
Englische Großmeister gegen einige Weltspitzen Großmeister (Kasparov, Anand,
Topalov, Ivanchuk...) den geschlossenen Sizilianer gespielt, wobei seine
Lieblingsvariante die frühe Entwicklung des Damenläufers (B26) ist. Einer der
grössten Fachmänner diese Variante ist der jugoslawische Großmeister
Ljubojevic.} e5 {Kontrolliert fest den Vorposten d4 und bereitet die
Entwicklung des Königspringers Nge7 vor.} 7. Qd2 Nge7 8. f4 Nd4 9. Nf3 O-O 10.
O-O {Weiß hat seine Kräfte im Zentrum sehr harmonisch entwickelt. Jetzt kann
er die Türme auf der f- Linie verdoppeln (Rf2, Raf1) und allmählich den
Angriff am Königsflügel vorbereiten.} exf4 11. Bxf4 Nxf3+ 12. Rxf3 Qb6 $1 $146
{[%mdl 8] Die schwarze Dame übt einen unangenehmen Druck auf den schwachen
b2-Bauern aus. Dadurch wird der weisse Turm für lange Zeit an b1 gebunden um
den Bauern b2 zu decken.} 13. Rb1 Be6 14. Bh6 {Jetzt ist es höchste Zeit den
schwarzfeldrigen Läufer abzutauschen. Auf diese Weise wird nicht nur eine
starke schwarze Figur abgetauscht, die einen starken Druck auf der großen
Diagonale (a1-h8) ausübt, sondern auch die schwarzen Felder um den König
abschwächt.} Rae8 15. Bxg7 Kxg7 16. Kh1 f6 $1 {Ein typischer Zug für eine
solche Stellungsart. Nach dem Abtausch des schwarzfarbigen Fiancetoläufers
stellt der Nachziehende seine Bauern am Königsflügel am besten auf
schwarzfarbige Felder.} 17. a3 d5 18. b4 cxb4 19. Rxb4 Qc7 20. Nb5 Qd7 21. Nd4
Bg8 22. Re3 Nc6 23. Nxc6 Qxc6 24. h4 b6 25. Kh2 Qc5 26. d4 Qd6 27. exd5 Bxd5
28. Bxd5 Qxd5 29. c4 Qf7 30. d5 Rxe3 31. Qxe3 Re8 32. Qd3 Qe7 33. Rb2 Qe1 34.
Qd2 Qxd2+ (34... Qf1 $15 {/\Re1}) 35. Rxd2 Kf7 36. a4 Re4 37. a5 (37. Rc2 Rd4 {
/\Ke7} 38. c5 Rxd5 39. c6 Rd8 40. c7 Rc8 $19) 37... Rxc4 38. axb6 axb6 39. Rb2
Rd4 40. Rxb6 Rxd5 {Das ist ein theoretisches Remisendpiel, aber Kramnik
probiert trotzdem zu gewinnen.} 41. Rb7+ Kg8 42. Kg2 h5 43. Kf3 Re5 44. Ra7 Kf8
45. Rb7 Re7 46. Rb6 Kf7 47. Ra6 Rd7 48. Rb6 Ke7 49. Ra6 Rd6 50. Ra5 Ke6 51. Ra3
Ke5 52. Re3+ Kf5 53. Ra3 Rd5 54. Re3 g5 55. hxg5 fxg5 56. Ra3 g4+ 57. Ke3 Re5+
58. Kf2 Rc5 59. Ra4 Rc2+ 60. Kg1 Re2 61. Kf1 Rd2 62. Kg1 Ke5 63. Ra5+ Rd5 64.
Ra4 Rd1+ 65. Kf2 Rd2+ 66. Kg1 Kf5 67. Rf4+ Ke5 68. Ra4 Rd4 69. Ra5+ Ke4 70.
Rxh5 Kf3 71. Ra5 Rd1+ 72. Kh2 Rd2+ 73. Kg1 Rg2+ 74. Kh1 Re2 75. Kg1 Kxg3 76.
Ra3+ Kf4 77. Rb3 g3 78. Rb8 1/2-1/2

[Event "EU-Cup 15th final"]
[Site "Bugojno"]
[Date "1999.10.31"]
[Round "3"]
[White "Kramnik, Vladimir"]
[Black "Bareev, Evgeny"]
[Result "1/2-1/2"]
[WhiteElo "2760"]
[BlackElo "2698"]
[Annotator "Huebner,R"]
[PlyCount "51"]
[EventDate "1999.10.29"]
[EventType "team-k.o."]
[EventRounds "3"]
[EventCountry "BIH"]
[SourceTitle "EXT 2020"]
[Source "ChessBase"]
[SourceDate "2019.10.17"]
[SourceVersion "1"]
[SourceVersionDate "2019.10.17"]
[SourceQuality "1"]
[WhiteTeam "Zemun Agrouniverzal"]
[BlackTeam "Sarajevo Bosna"]
[WhiteTeamCountry "SRB"]
[BlackTeamCountry "BIH"]

1. Nf3 d5 2. d4 Nf6 3. c4 c6 4. Nc3 dxc4 5. a4 Bf5 6. e3 e6 7. Bxc4 Bb4 8. O-O
Nbd7 9. Qe2 Bg6 10. e4 O-O 11. Bd3 Bh5 12. e5 Nd5 13. Nxd5 cxd5 14. Qe3 h6 15.
Ne1 Bxe1 (15... f5 16. exf6 Qxf6 17. Bb5 Rf7 (17... Nb8 18. Nd3 a6 19. Nxb4
axb5 20. a5 {+= Gelfand-Lautier, Horgen 1994, Inf. 61/396.}) 18. Nd3 Bd6 {
~ Hertneck, siehe Z. Ribli, Slawisch D16-19 (Informatormonographie), D 19/140.}
) 16. Rxe1 ({Unklar sind die Folgen des Abspiels} 16. Qh3 Qa5 17. Bxh6 Bd2 18.
Be3 Bxe3 19. fxe3 g6 20. g4 Qd2 21. Rad1 Bxg4 22. Qxg4 Qxe3+) 16... Bg6 17. Be2
Rc8 18. Bd2 Nb8 (18... Qb6 19. Bc3 a5 20. Qd2 Qa7 21. Bb5 Nb8 22. Rec1 Nc6 23.
Bxc6 Rxc6 24. Bxa5 Rxc1+ 25. Rxc1 Ra8 26. Bb4 {1/2-1/2 Kavalek,L-Hermann,M/FRG
1982/GER-chT (26)}) 19. a5 Qe7 20. Rec1 Qd7 21. Bb4 Rxc1+ 22. Rxc1 Rc8 23. Bd6
Rxc1+ 24. Qxc1 Nc6 25. Qc5 a6 26. b4 1/2-1/2

[Event "Internet Chess Club g/5'"]
[Site "ICC INT"]
[Date "1999.12.04"]
[Round "?"]
[White "Kramnik, Vladimir"]
[Black "Akopian, Vladimir Eduardovic"]
[Result "1/2-1/2"]
[WhiteElo "2751"]
[BlackElo "2640"]
[PlyCount "104"]
[EventDate "1999.12.??"]
[EventType "game (blitz)"]
[EventRounds "1"]
[EventCountry "USA"]
[SourceTitle "EXT 2005"]
[Source "ChessBase"]
[SourceDate "2004.11.15"]
[SourceVersion "1"]
[SourceVersionDate "2004.11.15"]
[SourceQuality "1"]

1. Nf3 c5 2. c4 Nf6 3. Nc3 Nc6 4. g3 g6 5. Bg2 Bg7 6. d4 cxd4 7. Nxd4 O-O 8.
O-O Nxd4 9. Qxd4 d6 10. Qd3 Bf5 11. e4 Be6 12. b3 Nd7 13. Bd2 Nc5 14. Qe2 a6
15. Rab1 Rc8 16. Rfd1 Qc7 17. Nd5 Bxd5 18. exd5 Rfe8 19. Be3 a5 20. Rdc1 Ra8
21. h4 h5 22. Bf3 e5 23. dxe6 Rxe6 24. Bd5 Re7 25. Qc2 Kh7 26. Bg5 Re5 27. Bf4
Re7 28. Rd1 Rae8 29. Bf3 Re6 30. Rd5 f5 31. Rbd1 Re1+ 32. Kg2 Rxd1 33. Qxd1 Be5
34. Be3 Ne4 35. Bxe4 fxe4 36. c5 Re6 37. cxd6 Rxd6 38. Rxd6 Bxd6 39. Qd5 Be5
40. Qxe4 Bg7 41. a4 Qf7 42. Qc4 Qd7 43. Qb5 Qc7 44. Bb6 Qc2 45. Be3 Qe4+ 46.
Kg1 Be5 47. Kh2 Bxg3+ 48. Kxg3 Qg4+ 49. Kh2 Qxh4+ 50. Kg1 Qg4+ 51. Kf1 Qd1+ 52.
Kg2 Qg4+ 1/2-1/2

[Event "Internet Chess Club m1 g/3'"]
[Site "ICC INT"]
[Date "1999.12.12"]
[Round "?"]
[White "Shirov, Alexei"]
[Black "Kramnik, Vladimir"]
[Result "1/2-1/2"]
[WhiteElo "2726"]
[BlackElo "2751"]
[PlyCount "54"]
[EventDate "1999.12.??"]
[EventType "match (blitz)"]
[EventRounds "1"]
[EventCountry "USA"]
[SourceTitle "EXT 2005"]
[Source "ChessBase"]
[SourceDate "2004.11.15"]
[SourceVersion "1"]
[SourceVersionDate "2004.11.15"]
[SourceQuality "1"]

1. e4 c5 2. Nf3 Nc6 3. d4 cxd4 4. Nxd4 Nf6 5. Nc3 e5 6. Ndb5 d6 7. Bg5 a6 8.
Na3 b5 9. Nd5 Be7 10. Bxf6 Bxf6 11. c3 Bg5 12. Nc2 Rb8 13. a4 bxa4 14. Ncb4
Nxb4 15. Nxb4 Bd7 16. Qxd6 Be7 17. Qxe5 O-O 18. Bxa6 Re8 19. Qd5 Bxb4 20. cxb4
Qb6 21. O-O Bc6 22. Qa5 Qxb4 23. Qxb4 Rxb4 24. Rfc1 Bxe4 25. Rc4 Rxc4 26. Bxc4
Bc6 27. b3 axb3 1/2-1/2

[Event "Internet Chess Club m1 g/3'"]
[Site "ICC INT"]
[Date "1999.12.12"]
[Round "?"]
[White "Shirov, Alexei"]
[Black "Kramnik, Vladimir"]
[Result "1-0"]
[WhiteElo "2726"]
[BlackElo "2751"]
[PlyCount "75"]
[EventDate "1999.12.??"]
[EventType "match (blitz)"]
[EventRounds "1"]
[EventCountry "USA"]
[SourceTitle "EXT 2005"]
[Source "ChessBase"]
[SourceDate "2004.11.15"]
[SourceVersion "1"]
[SourceVersionDate "2004.11.15"]
[SourceQuality "1"]

1. e4 c5 2. Nf3 Nc6 3. d4 cxd4 4. Nxd4 Nf6 5. Nc3 e5 6. Ndb5 d6 7. Bg5 a6 8.
Na3 b5 9. Nd5 Be7 10. Bxf6 Bxf6 11. c3 Rb8 12. Nc2 Bg5 13. a4 bxa4 14. Ncb4
Nxb4 15. Nxb4 Bd7 16. Bxa6 O-O 17. O-O Qc7 18. Bd3 Ra8 19. Ra3 Ra5 20. Qe2 Kh8
21. Rfa1 Qa7 22. Bc2 Ra8 23. Qd1 Be7 24. Bxa4 Rxa4 25. Rxa4 Bxa4 26. b3 Bxb3
27. Rxa7 Rxa7 28. Qb1 Ra8 29. g3 Be6 30. Nd5 Bxd5 31. exd5 Rd8 32. Qb7 Bf6 33.
Qxf7 h6 34. Qe6 e4 35. c4 Bd4 36. Qxe4 Bc5 37. Kg2 Rf8 38. f4 1-0

[Event "Internet Chess Club m1 g/5'"]
[Site "ICC INT"]
[Date "1999.12.06"]
[Round "?"]
[White "Kramnik, Vladimir"]
[Black "Svidler, Peter"]
[Result "0-1"]
[WhiteElo "2751"]
[BlackElo "2713"]
[PlyCount "108"]
[EventDate "1999.12.??"]
[EventType "match (blitz)"]
[EventRounds "18"]
[EventCountry "USA"]
[SourceTitle "EXT 2005"]
[Source "ChessBase"]
[SourceDate "2004.11.15"]
[SourceVersion "1"]
[SourceVersionDate "2004.11.15"]
[SourceQuality "1"]

1. Nf3 Nf6 2. c4 g6 3. Nc3 d5 4. Qa4+ Bd7 5. Qb3 dxc4 6. Qxc4 Nc6 7. d4 Bg7 8.
e4 O-O 9. e5 Be6 10. exf6 Bxc4 11. fxg7 Kxg7 12. Bxc4 Nxd4 13. Nxd4 Qxd4 14.
Be2 c6 15. O-O Qb4 16. a3 Qb3 17. a4 Rad8 18. a5 Rd7 19. Ra3 Qc2 20. b4 Rfd8
21. h3 Rd4 22. b5 cxb5 23. Bxb5 Rc8 24. Ba4 Qf5 25. Bb2 Kg8 26. Bd1 Rd2 27. Bg4
Qe5 28. Ba1 Rcd8 29. Nb1 Qd6 30. Rb3 Ra2 31. Bc3 Qd5 32. Rb4 Rxa5 33. Bf3 Qd3
34. Rxb7 Rb5 35. Rxb5 Qxb5 36. Nd2 a5 37. Ra1 a4 38. Ne4 h6 39. h4 f5 40. Ng3
Qc5 41. Ne2 a3 42. Rc1 Rd3 43. Ba1 Qd6 44. Nc3 Kf7 45. Be2 Rd2 46. Bf1 Qd4 47.
Ne2 Qxh4 48. Bc3 Rd8 49. g3 Qe4 50. Nf4 a2 51. Ba1 Qb1 52. Bc4+ Ke8 53. Ne2
Rd1+ 54. Kg2 Rxc1 0-1

[Event "Internet Chess Club m1 g/5'"]
[Site "ICC INT"]
[Date "1999.12.06"]
[Round "?"]
[White "Svidler, Peter"]
[Black "Kramnik, Vladimir"]
[Result "1-0"]
[WhiteElo "2713"]
[BlackElo "2751"]
[PlyCount "61"]
[EventDate "1999.12.??"]
[EventType "match (blitz)"]
[EventRounds "18"]
[EventCountry "USA"]
[SourceTitle "EXT 2005"]
[Source "ChessBase"]
[SourceDate "2004.11.15"]
[SourceVersion "1"]
[SourceVersionDate "2004.11.15"]
[SourceQuality "1"]

1. e4 c5 2. Nf3 d6 3. d4 cxd4 4. Nxd4 Nf6 5. Nc3 Nc6 6. Bg5 e6 7. Qd2 a6 8.
O-O-O Bd7 9. f3 b5 10. Nxc6 Bxc6 11. Kb1 Be7 12. Bf4 b4 13. Ne2 e5 14. Be3 d5
15. Ng3 d4 16. Bf2 g6 17. f4 Nxe4 18. Nxe4 Bxe4 19. fxe5 Rc8 20. Bd3 Bxg2 21.
Rhg1 Bd5 22. b3 h5 23. Bxa6 Ra8 24. Bb5+ Kf8 25. Qxd4 Qa5 26. Qxd5 Qxa2+ 27.
Kc1 Kg7 28. Bd4 Rhd8 29. e6+ Kh7 30. Qxh5+ gxh5 31. Bd3+ 1-0

[Event "Internet Chess Club m1 g/5'"]
[Site "ICC INT"]
[Date "1999.12.06"]
[Round "?"]
[White "Svidler, Peter"]
[Black "Kramnik, Vladimir"]
[Result "1-0"]
[WhiteElo "2713"]
[BlackElo "2751"]
[PlyCount "111"]
[EventDate "1999.12.??"]
[EventType "match (blitz)"]
[EventRounds "18"]
[EventCountry "USA"]
[SourceTitle "EXT 2005"]
[Source "ChessBase"]
[SourceDate "2004.11.15"]
[SourceVersion "1"]
[SourceVersionDate "2004.11.15"]
[SourceQuality "1"]

1. e4 c5 2. Nf3 d6 3. d4 cxd4 4. Nxd4 Nf6 5. Nc3 Nc6 6. Bg5 e6 7. Qd2 Qb6 8.
Nb3 Be7 9. O-O-O O-O 10. f3 Rd8 11. Nb5 Rd7 12. Qe1 a6 13. N5d4 Nxd4 14. Nxd4
Qc7 15. Kb1 b5 16. h4 Bb7 17. h5 h6 18. Bc1 Rc8 19. Bd3 Qb6 20. Be3 Qd8 21. g4
Rdc7 22. g5 hxg5 23. Bxg5 Nd7 24. Bxe7 Qxe7 25. Qg3 Qf6 26. h6 g6 27. Qxd6 e5
28. Qxf6 Nxf6 29. Ne2 Kh7 30. Rdg1 Nh5 31. a3 Rd8 32. Rg5 Re7 33. b4 Bc6 34.
Kb2 Be8 35. Rh4 f6 36. Rg1 g5 37. Rh2 Bg6 38. Rgh1 Nf4 39. Nxf4 exf4 40. a4
bxa4 41. Ra1 g4 42. fxg4 Rg8 43. Rf1 Rb8 44. Ka3 Reb7 45. Rxf4 Rxb4 46. Rh1
R4b6 47. Rhf1 Rc8 48. Rxf6 Rc3+ 49. Ka2 Rb7 50. g5 a3 51. Rb1 Bf7+ 52. Rxf7+
Rxf7 53. e5+ Rxd3 54. cxd3 Kg6 55. Rh1 Rd7 56. h7 1-0

[Event "Internet Chess Club m1 g/5'"]
[Site "ICC INT"]
[Date "1999.12.08"]
[Round "?"]
[White "Kramnik, Vladimir"]
[Black "Svidler, Peter"]
[Result "1/2-1/2"]
[WhiteElo "2751"]
[BlackElo "2713"]
[PlyCount "113"]
[EventDate "1999.12.??"]
[EventType "match (blitz)"]
[EventRounds "18"]
[EventCountry "USA"]
[SourceTitle "EXT 2005"]
[Source "ChessBase"]
[SourceDate "2004.11.15"]
[SourceVersion "1"]
[SourceVersionDate "2004.11.15"]
[SourceQuality "1"]

1. Nf3 Nf6 2. c4 g6 3. Nc3 d5 4. cxd5 Nxd5 5. g3 Bg7 6. Bg2 O-O 7. O-O Nc6 8.
Nxd5 Qxd5 9. d3 Qb5 10. Rb1 Be6 11. b3 Rad8 12. Be3 Bd5 13. Qd2 Qb4 14. Rfc1
Qxd2 15. Nxd2 Bxg2 16. Kxg2 Rd7 17. b4 Nd4 18. Kf1 c6 19. Ne4 Rfd8 20. a4 a6
21. Bf4 e5 22. Bg5 Re8 23. Nc5 Rc7 24. Bd2 h6 25. f3 Bf8 26. Kf2 f5 27. Nb3
Nxb3 28. Rxb3 Rd7 29. Be3 Rd5 30. Bc5 e4 31. dxe4 fxe4 32. f4 Bg7 33. Be3 h5
34. Rc5 Bf8 35. Rc4 Kf7 36. Bc5 b5 37. Rc2 Bxc5+ 38. bxc5 Kf6 39. Ke3 Kf5 40.
axb5 axb5 41. Ra3 Kg4 42. Ra7 Re6 43. Rh7 Kh3 44. Rh8 Kxh2 45. g4 Kg3 46. gxh5
Rxh5 47. Rg8 Rh3 48. Rc1 Kg4+ 49. Kd4 Kxf4 50. Rf1+ Kg5 51. Rd8 Rg3 52. Rd6 Re8
53. Rxc6 Rg2 54. Ke3 Rg3+ 55. Kd4 Rg2 56. Ke3 Rg3+ 57. Kd4 1/2-1/2

[Event "Internet Chess Club m1 g/5'"]
[Site "ICC INT"]
[Date "1999.12.08"]
[Round "?"]
[White "Kramnik, Vladimir"]
[Black "Svidler, Peter"]
[Result "0-1"]
[WhiteElo "2751"]
[BlackElo "2713"]
[PlyCount "98"]
[EventDate "1999.12.??"]
[EventType "match (blitz)"]
[EventRounds "18"]
[EventCountry "USA"]
[SourceTitle "EXT 2005"]
[Source "ChessBase"]
[SourceDate "2004.11.15"]
[SourceVersion "1"]
[SourceVersionDate "2004.11.15"]
[SourceQuality "1"]

1. d4 Nf6 2. c4 g6 3. Nc3 d5 4. cxd5 Nxd5 5. e4 Nxc3 6. bxc3 Bg7 7. Bc4 c5 8.
Ne2 Nc6 9. Be3 O-O 10. O-O Bd7 11. Rb1 cxd4 12. cxd4 a6 13. Bd3 b5 14. d5 Ne5
15. Bd4 e6 16. Bc2 exd5 17. exd5 Re8 18. h3 Rc8 19. Bb3 Bf5 20. Rc1 Rxc1 21.
Nxc1 Nf3+ 22. Qxf3 Bxd4 23. Rd1 Be4 24. Qg3 Be5 25. Qe3 Qd6 26. Kh1 Bf4 27. Qc3
Qd7 28. Ne2 Rc8 29. Qxc8+ Qxc8 30. Nxf4 g5 31. f3 Bc2 32. Rc1 gxf4 33. Rxc2 Qd7
34. Rd2 Qd6 35. a4 b4 36. a5 Kf8 37. Re2 Qc5 38. Kh2 Qd4 39. Re4 Qc5 40. Rc4
Qxa5 41. d6 Ke8 42. Rd4 Kd7 43. Rd5 Qa3 44. Bc2 b3 45. Bf5+ Kd8 46. d7 f6 47.
Rd1 Qc5 48. Be6 b2 49. Ba2 Qc1 0-1

[Event "Internet Chess Club m1 g/5'"]
[Site "ICC INT"]
[Date "1999.12.08"]
[Round "?"]
[White "Kramnik, Vladimir"]
[Black "Svidler, Peter"]
[Result "0-1"]
[WhiteElo "2751"]
[BlackElo "2713"]
[PlyCount "92"]
[EventDate "1999.12.??"]
[EventType "match (blitz)"]
[EventRounds "18"]
[EventCountry "USA"]
[SourceTitle "EXT 2005"]
[Source "ChessBase"]
[SourceDate "2004.11.15"]
[SourceVersion "1"]
[SourceVersionDate "2004.11.15"]
[SourceQuality "1"]

1. d4 Nf6 2. c4 g6 3. Nc3 d5 4. cxd5 Nxd5 5. Bd2 Nb6 6. Nf3 Bg7 7. Bg5 O-O 8.
Rc1 h6 9. Bh4 c5 10. dxc5 N6d7 11. e3 Nc6 12. Be2 g5 13. Bg3 Nxc5 14. O-O Bf5
15. Nd5 Ne4 16. Nc3 Nxg3 17. hxg3 Qxd1 18. Rfxd1 Rfd8 19. Rxd8+ Rxd8 20. a3 Kf8
21. Kf1 g4 22. Ne1 h5 23. b4 Ne5 24. Nb5 a6 25. Nd4 Rc8 26. Rxc8+ Bxc8 27. Nb3
Ke8 28. Nc2 Kd8 29. Ke1 Kc7 30. Nbd4 Nc6 31. Kd2 Nxd4 32. Nxd4 Kd6 33. a4 e5
34. Nb3 f5 35. a5 Be6 36. Kc3 f4 37. e4 fxg3 38. fxg3 Bd7 39. Nc5 Bc6 40. Bc4
Bf6 41. Kd3 h4 42. gxh4 Bxh4 43. Ke2 Bg5 44. Bd5 Bxd5 45. exd5 Kxd5 46. Kd3 Be7
0-1

[Event "Internet Chess Club m1 g/5'"]
[Site "ICC INT"]
[Date "1999.12.08"]
[Round "?"]
[White "Kramnik, Vladimir"]
[Black "Svidler, Peter"]
[Result "0-1"]
[WhiteElo "2751"]
[BlackElo "2713"]
[PlyCount "114"]
[EventDate "1999.12.??"]
[EventType "match (blitz)"]
[EventRounds "18"]
[EventCountry "USA"]
[SourceTitle "EXT 2005"]
[Source "ChessBase"]
[SourceDate "2004.11.15"]
[SourceVersion "1"]
[SourceVersionDate "2004.11.15"]
[SourceQuality "1"]

1. Nf3 Nf6 2. c4 g6 3. Nc3 d5 4. Qa4+ Bd7 5. Qb3 dxc4 6. Qxc4 a6 7. g3 Bg7 8.
Bg2 Nc6 9. O-O e5 10. d3 O-O 11. Qh4 Ng4 12. Qxd8 Rfxd8 13. Bg5 f6 14. Bd2 f5
15. Rfc1 Nf6 16. Rab1 e4 17. dxe4 Nxe4 18. Be1 Nxc3 19. Bxc3 Bxc3 20. Rxc3 Be6
21. a3 Rd6 22. Kf1 Rad8 23. Ke1 Bd5 24. Rbc1 Be4 25. Nh4 Bxg2 26. Nxg2 Nd4 27.
h4 c5 28. Nf4 c4 29. Rxc4 Nb3 30. Nd3 Nxc1 31. Rxc1 Rc6 32. Rxc6 bxc6 33. Kd2
Kf7 34. Kc3 a5 35. Kc4 Rd5 36. a4 Ke7 37. f3 Kd8 38. b4 Kc7 39. e4 fxe4 40.
fxe4 Rh5 41. Nc5 axb4 42. Kxb4 Re5 43. Kc4 g5 44. hxg5 Kd6 45. Nb7+ Ke7 46. a5
Rxg5 47. a6 Rxg3 48. Kc5 h5 49. Na5 Kd7 50. a7 Rg8 51. Nxc6 Kc7 52. Ne5 h4 53.
Nf3 h3 54. e5 Ra8 55. Kd5 Rxa7 56. Ke4 Ra2 57. e6 Kd8 0-1

[Event "Internet Chess Club m1 g/5'"]
[Site "ICC INT"]
[Date "1999.12.08"]
[Round "?"]
[White "Svidler, Peter"]
[Black "Kramnik, Vladimir"]
[Result "1-0"]
[WhiteElo "2713"]
[BlackElo "2751"]
[PlyCount "35"]
[EventDate "1999.12.??"]
[EventType "match (blitz)"]
[EventRounds "18"]
[EventCountry "USA"]
[SourceTitle "EXT 2005"]
[Source "ChessBase"]
[SourceDate "2004.11.15"]
[SourceVersion "1"]
[SourceVersionDate "2004.11.15"]
[SourceQuality "1"]

1. e4 e6 2. d4 d5 3. Nc3 Nf6 4. Bg5 dxe4 5. Nxe4 Be7 6. Bxf6 Bxf6 7. Nf3 Nd7 8.
Bc4 Be7 9. Qe2 c6 10. O-O-O b5 11. Bd3 Qc7 12. Kb1 h6 13. h4 Bb7 14. Rhe1 b4
15. Ba6 Bxa6 16. Qxa6 Qb6 17. Qc4 Rc8 18. d5 1-0